00289nam a2200109Ia 4500008004100000041000800041082002700049100002000076245003700096260003700133300000900170230411s9999 xx 000 0 und d aeng aAN/610.7362/CHO/B07766 aChouhan Archana aTextbook of Child Health Nursing bJaypee BrothersaNew Delhic2013 a310p